| 000 | 02797cam a2200181 4500500 | ||
|---|---|---|---|
| 005 | 20260322004319.0 | ||
| 041 | _afre | ||
| 042 | _adc | ||
| 100 | 1 | 0 |
_aWillems Federici, David _eauthor |
| 245 | 0 | 0 | _aEnjeux du soin en obésité : corps en perte face aux agonistes du GLP-1 |
| 260 | _c2026. | ||
| 500 | _a52 | ||
| 520 | _aL’Affep rassemble un nouveau bureau associatif depuis octobre 2021. Un lot de missions accompagne ce renouvellement, en passant par la réforme et la construction de la maquette d’internat en psychiatrie, la poursuite de l’enquête « Choisir psychiatrie », l’assurance du rôle de référent national des internes en psychiatrie, l’engagement dans l’aventure Psy Déchaîné, notre magazine, et la création d’un contenu digital attrayant – entre autres. C’est aussi des valeurs que nous défendons à travers ces missions : fédérer, coopérer, représenter et diversité. Nous dévoilerons pour finir les personnes qui incarnent cette nouvelle équipe en vous invitant avec enthousiasme, si vous le souhaitez, à rejoindre l’Affep. | ||
| 520 | _aThe French Federative Association of Psychiatry Students (AFFEP) formed a new associative board in October 2021. Various missions accompany this renewal, including the reform and construction of the psychiatry internship model, the continuation of the “Choisir psychiatrie” survey, the maintenance of our role as the national point of reference for psychiatry interns, commitment to our magazine Psy Déchaîné, and the creation of attractive digital content. This roadmap also reaffirms the values that we defend through these missions: federation, cooperation, representation, and diversity. Finally, the AFFEP will unveil this new team and enthusiastically invite you to join our organization. | ||
| 520 | _aLa Affep está reuniendo una nueva junta directiva asociativa desde octubre de 2021. Una serie de misiones acompañan esta renovación, mediante la reforma y la construcción del modelo de prácticas psiquiátricas, la continuación de la encuesta “Escoger Psiquiatría”, la seguridad del papel de referente nacional de las prácticas psiquiátricas, con la apuesta por la aventura “El Psi Liberado” , nuestra revista, y la creación de un contenido digital atractivo, entre otras cosas. También son los valores que defendemos a través de estas misiones: federar, cooperar, representar y diversidad. Por último, daremos a conocer a las personas que encarnan este nuevo equipo y os invitamos con entusiasmo, si lo deseáis, a uniros a Affep. | ||
| 786 | 0 | _nLe Journal des psychologues | Hors-série | HS7 | 2026-02-13 | p. 18-23 | 0752-501X | |
| 856 | 4 | 1 | _uhttps://shs.cairn.info/revue-le-journal-des-psychologues-2026-hs7-page-18?lang=fr&redirect-ssocas=7080 |
| 999 |
_c1739301 _d1739301 |
||